| Registos Bibliográficos associados ao registo de autoridade |
|
Etiqueta de registo: 00254nam 2200025 450 001 2286378 003 http://id.bnportugal.gov.pt/bib/catbnp/2286378 010 ## $a978-989-35349-0-8 021 ## $aPT$b521426/23 100 ## $a20260515d2023 m y0pory01030103ba 101 0# $apor 102 ## $aPT 105 ## $aa z 000yy 106 ## $ar 200 1# $aBombeiros Voluntários do Concelho de Óbidos$econtributos para a monografia$fIsaque Vicente, Carlos Ribeiro, José Machado 210 #9 $aÓbidos$cAssociação Humanitária de Bombeiros Voluntários do Concelho de Óbidos,$d2023 215 ## $a202 p. $cil.$d21 cm 700 #1 $aVicente,$bIsaque$31833948 701 #1 $915$aVicente,$bIsaque$4070$31998526 701 #1 $917$aMachado,$bJosé$4070$31998528 801 #0 $aPT$bBN$gRPC 966 ## $lBN$mFGMON$x1 966 ## $lBN$mFGMON$x1 971 ## $casantos$d20260515
|
|
|